000 01143nam a22003737a 4500
003 CHAP
005 20220817041838.0
008 971013s1964 r 00010 d
010 _a26397
011 _a27369
035 _a31470
040 _cCHAP
082 _a631
_bI6Y
110 _aIowa State University
_960290
245 _aManual de agricultura
260 _aMéxico, D.F. :
_bCECSA,
_c1964
300 _a875 p.
_b: ilus
500 _aTrad. de la 5 ed. en inglés
590 _aBATCH-UPD
_b10
_c20130110
_lUCH01
_h1814
590 _aBATCH-UPD
_b10
_c20130410
_lUCH01
_h1149
590 _aBATCH-UPD
_b10
_c20130914
_lUCH01
_h0454
590 _aCONVERSION
_b10
_c20130109
_lUCH01
_h1315
650 1 4 _aApicultura.
_96241
650 1 4 _aAvicultura.
650 1 4 _aCultivos.
_930221
650 1 4 _aFitopatología.
_941161
650 1 4 _aGanadería.
_944604
650 1 4 _aIngeniería agrícola.
_958196
650 1 4 _aMalas hierbas.
_969996
901 _aBK
942 _cLIBRO
949 _a631 I6Y
_bBC
_cLIBRO
_d33724000050803
_eLIBRO
_fpte.1
_h26632
_i31470
_si
949 _a631 I6Y
_bBC
_cLIBRO
_d33724000924783
_eLIBRO
_fc.2
_h51745
_i31470
_mD
_si
999 _c26397
_d26397